zpět

Detail výsledku týmu

U Dvou dobráků PO, Opava

Datum a čas kvízu

28 Celkem bodů Celkový počet nahraných bodů na tomto kvízu bez doplňovacích otázek.
3. Pořadí na kvízu Konečné umístění týmu na tomto kvízu.

Zaznamenané odpovědi

# Otázka Odpověď Body Výsledky
1. V neděli byla zvolena nová pře... Markéta Pekarová Adamová 1
2. Spoluzakladatel radikálního ek... Extinction Rebellion 0
3. Festival Anifilm se po 18 lete... Liberec 0
4. Gambrinus ve čtvrtek oznámil j... přestane stáčet pivo do plastových lahví 0
5. Jak se jmenuje vítěz letošního... Stefanos Tsitsipas 0
6. Toto téma minulý týden zvítězi... Vídeň, 1996 0
7. Nespočet hlášek má na svém kon... vycházky 1
8. Televize Nova a sportovní přen... Václav Tittelbach, Pavel Poulíček 0
9. Autorem mnoha legendárních hlá... Nemecký/Německý 1
10. Tento finský komentář vítěznéh... 71 m (uznáváme tedy 68–74) 0